Normal view
MARC view
- Jarmai,Karoly
Entry Personal Name
001 - CONTROL NUMBER
- control field: 127876
003 - CONTROL NUMBER IDENTIFIER
- control field: NUST
005 - DATE AND TIME OF LATEST TRANSACTION
- control field: 20250218095153.0
008 - FIXED-LENGTH DATA ELEMENTS
- fixed length control field: 250218|| aca||aabn | a|a d
040 ## - CATALOGING SOURCE
- Original cataloging agency: NUST
- Transcribing agency: NUST
100 ## - HEADING--PERSONAL NAME
- Personal name: Jarmai,Karoly
670 ## - SOURCE DATA FOUND
- Source citation: Work cat.: (NUST): Jarmai,Karoly , Vehicle and Automotive Engineering /, 2017.
